El príncipe

Furkejuvvon:
Bibliográfalaš dieđut
Váldodahkki: Maquiavelo, Nicolás (autor)
Materiálatiipa: Girji
Giella:espánnjágiella
Almmustuhtton: Madrid Edaf 2004
Preanttus:29a. ed
Ráidu:Biblioteca Edaf, 4
Fáttát:
Fáddágilkorat: Lasit fáddágilkoriid
Eai fáddágilkorat, Lasit vuosttaš fáddágilkora!

MARC

LEADER 00000nam a2200000 a 4500
001 UCK8906
003 CL-VaPUC
008 060407e20040000SP |||||||||||||||||spa|d
020 |a 8471662566 
082 0 4 |a 320.01  |b MAQ  |2 21 
100 |a Maquiavelo, Nicolás  |e autor  |9 498654 
245 1 3 |a El príncipe 
250 |a 29a. ed 
300 |a 126 p 
942 |c BK 
945 |d 20060407 00:00:00  |a jtorresc 
260 |a Madrid  |b Edaf  |c 2004 
650 7 |a FILOSOFIA POLITICA  |2 CL-VaPUC  |9 498655 
650 0 |a Ideologías políticas   |9 255735 
650 0 |a Poder político  |9 255509 
650 0 |a Etica política   |9 255799 
583 |a last modification  |c 20060407 00:00:00  |k Rodrigo Vera 
490 0 |a Biblioteca Edaf, 4 
999 |c 316307  |d 316305 
952 |0 0  |1 0  |4 0  |6 320_010000000000000_MAQ_2004  |7 0  |8 A  |9 390570  |a BIBDER  |b BIBDER  |d 2019-11-22  |i 4221117  |l 6  |m 2  |o 320.01 MAQ 2004  |p 4221117  |r 2024-03-21  |s 2024-03-21  |w 2019-11-22  |y BK  |k DER